00341nam a2200109Ia 4500008004000000041000800040082001100048100004300059245005900102260005800161300001200219210210b1909 xxu||||| |||| 00| 0 eng d aeng a050/30 aSUPERINTENDENT OF GOVERNMENT PRINTING. aImperial gazetteer of India: provincial series, Berar. aCalcuttabSuperintendent of Government Printingc1909 axiv,172